The girl from Brittany; (Record no. 18054)

MARC details
000 -LEADER
fixed length control field 00747cam a22002291 4500
001 - CONTROL NUMBER
control field ca 36000272
003 - CONTROL NUMBER IDENTIFIER
control field DLC
005 - DATE AND TIME OF LATEST TRANSACTION
control field 20260227111140.0
008 - FIXED-LENGTH DATA ELEMENTS--GENERAL INFORMATION
fixed length control field 790817s1936 maua 000 0 eng
010 ## - LIBRARY OF CONGRESS CONTROL NUMBER
LC control number ca 36000272
035 ## - SYSTEM CONTROL NUMBER
System control number (OCoLC)5283251
040 ## - CATALOGING SOURCE
Original cataloging agency DLC
Transcribing agency OCl
Modifying agency DLC
042 ## - AUTHENTICATION CODE
Authentication code premarc
050 00 - LIBRARY OF CONGRESS CALL NUMBER
Classification number PS3535.A2777
Item number G53 1936
082 ## - DEWEY DECIMAL CLASSIFICATION NUMBER
Classification number 812.5
100 1# - MAIN ENTRY--PERSONAL NAME
Personal name McMullen, J. C.
Fuller form of name (Joseph Carl),
Dates associated with a name 1882-
245 14 - TITLE STATEMENT
Title The girl from Brittany;
Remainder of title a farce in three acts,
Statement of responsibility, etc. by J. C. McMullen and Anthony E. Wills.
260 ## - PUBLICATION, DISTRIBUTION, ETC.
Place of publication, distribution, etc. Boston, Mass.,
-- Los Angeles, Cal.
Name of publisher, distributor, etc. [Walter H. Baker company,
Date of publication, distribution, etc. c1936]
300 ## - PHYSICAL DESCRIPTION
Extent 2 p. l., [3]-84 p.
Other physical details diagr.
Dimensions 19 cm.
490 0# - SERIES STATEMENT
Series statement Baker's edition of plays
700 1# - ADDED ENTRY--PERSONAL NAME
Personal name Wills, Anthony E.,
Dates associated with a name 1880-
Relator term joint author.

No items available.

Powered by Koha